Nommez les 26 cantons de Suisse puis les capitales - Statistiques

Statistiques générales
  • Ce quiz a été pris 198 fois
  • Le résultat moyen est 40 sur 52
Statistiques - réponses
Hint Réponse % Correct
22 Vaud
98%
25 Genève
97%
25 Genève
97%
2 Berne
96%
2 Berne
96%
1 Zurich
95%
1 Zurich
95%
23 Valais
94%
12 Bâle
92%
26 Jura
89%
24 Neuchâtel
89%
24 Neuchâtel
89%
21 Tessin
89%
10 Fribourg
86%
10 Fribourg
86%
18 Grisons
86%
22 Lausanne
86%
4 Uri
86%
13 Bâle-Campagne
85%
3 Lucerne
85%
3 Lucerne
85%
17 Saint-Gall
85%
17 Saint-Gall
85%
19 Argovie
82%
6 Obwald
82%
16 Appenzell
81%
12 Bâle-Ville
80%
7 Nidwald
80%
5 Schwytz
80%
5 Schwytz
80%
9 Zoug
80%
9 Zoug
80%
20 Thurgovie
78%
23 Sion
77%
8 Glaris
73%
8 Glaris
73%
11 Soleure
73%
11 Soleure
73%
14 Schaffhouse
72%
14 Schaffhouse
72%
26 Delémont
64%
15 Appenzell Rhodes-Extérieures
60%
16 Appenzell Rhodes-Intérieures
60%
19 Aarau
58%
21 Bellinzone
57%
18 Coire
56%
4 Altdorf
39%
20 Frauenfeld
39%
13 Liestal
39%
15 Herisau
35%
7 Stans
35%
6 Sarnen
30%
Aucun quiz correspondant
Distribution des résultats
% des personnes avec chaque résultat
Percentile par nombre de réponses
Votre historique - résultats
Vous n’avez pas pris ce quiz